000 01131 a2200397 4500
005 20250805092342.0
008 250805b |||||||| |||| 00| 0 eng d
041 _aFr
044 _aCIV
090 _bDG/N/3081
100 _aKOUAKOU, Kouakou Romaric
100 _aKONE, Tchoa
100 _a
100 _a
100 _aYEO, Gnenakan
100 _aFONDIO, Lassina
110 _aCentre National de Recherche Agronomique
110 _bCote d'Ivoire
245 _aComment produire des plants de bananier plantain par la technique de plants issus de fragment de tige (PIF)
_b: Fiche Technique
260 _aAbidjan
260 _bCentre National de Recherche Agronomique
260 _c2025
302 _a4 p.
362 _a2025-01-01
388 _a2025-08-05
650 _2AGROVOC
_gFiche Technique
650 _gMusa
650 _gProduction
650 _gPlant
650 _gTechnique
650 _gFragment
650 _gTige
650 _gGermoir
650 _gSubstrat
856 _uhttps://ftech.byethost7.com/wp-content/uploads/2025/08/DGN3081.pdf
999 _c5952
_d5952